Ukraine Coastal Cities > 9,000 Population - Statistics

General Stats
  • This quiz has been taken 26 times
    8 since last reset
  • The average score is 9 of 21
Answer Stats
Population City % Correct
488,462 Mariupol
100%
1,010,298 Odesa
100%
340,190 Sevastopol
100%
158,165 Kerch
63%
80,552 Yalta
63%
73,857 Feodosia
38%
21,633 Henichesk
38%
19,404 Skadovsk
38%
103,244 Yevpatoria
38%
9,063 Alupka
25%
29,781 Alushta
25%
121,759 Berdiansk
25%
51,890 Bilhorod-Dnistrovskyi
25%
54,102 Chornomorsk
25%
13,858 Inkerman
25%
12,723 Novoazovsk
25%
24,167 Pivdenne
25%
12,860 Prymorsk
25%
11,677 Shcholkine
25%
15,050 Sudak
25%
17,109 Ochakiv
13%
No matching quizzes found
Score Distribution
Percent of People with Each Score
Percentile by Number Answered
Your Score History
You have not taken this quiz since the last reset